Social Cognition : (Record no. 608150)

MARC details
000 -LEADER
fixed length control field 00490nam a2200193 a 4500
008 - FIXED-LENGTH DATA ELEMENTS--GENERAL INFORMATION
fixed length control field 260110s2009##################000#0#eng##
020 ## - INTERNATIONAL STANDARD BOOK NUMBER
ISBN 9781841694511
082 04 - DEWEY DECIMAL CLASSIFICATION NUMBER
Classification number 302.12
Item number STR
100 1# - MAIN ENTRY--AUTHOR NAME
Personal name Strack, Fritz,
245 10 - TITLE STATEMENT
Title Social Cognition :
260 ## - PUBLICATION, DISTRIBUTION, ETC. (IMPRINT)
Name of publisher Taylor & Francis US,
Year of publication 2009.
300 ## - PHYSICAL DESCRIPTION
Number of Pages 360 pages
650 #0 - SUBJECT ADDED ENTRY--TOPICAL TERM
Topical Term Psychology.
942 ## - ADDED ENTRY ELEMENTS (KOHA)
Koha item type English Books
Holdings
Withdrawn status Lost status Damaged status Not for loan Home library Current library Shelving location Date acquired Full call number Accession Number Price effective from Koha item type
        Anna Centenary Library Anna Centenary Library 3RD FLOOR, B WING 10.01.2026 302.12 STR 150289 10.01.2026 English Books

Find us on the map